10 Most Populated US Cities that don’t have a MLB Team - Statistics

General Stats
  • This quiz has been taken 76 times
    61 since last reset
  • The average score is 9 of 10
Answer Stats
Hint Answer % Correct
Texas966,292 Austin
96%
Oklahoma697,763 Oklahoma City
95%
North Carolina 885,865 Charlotte
93%
Texas1,259,404 Dallas
91%
Indiana871,445 Indianapolis
91%
Ohio907,865 Columbus
87%
Texas1,479,493 San Antonio
84%
California930,862 San Jose
82%
Florida962,970 Jacksonville
80%
Texas961,875 Fort Worth
76%
No matching quizzes found
Score Distribution
Percent of People with Each Score
Percentile by Number Answered
Your Score History
You have not taken this quiz since the last reset